[Event "Open"]
[Site "Ptuj SLO"]
[Date "2009.08.05"]
[Round "5"]
[White "Spelec,D"]
[Black "Vukmirovic,D"]
[Result "1-0"]
[WhiteElo "1948"]
[BlackElo "2113"]

1.d4 Nf6 2.Bg5 d5 3.Bxf6 exf6 4.e3 Bd6 5.g3 O-O 6.Bg2 b6 7.Nd2 c6 8.Ne2 f5
9.c4 dxc4 10.Nxc4 Bb4+ 11.Kf1 Be6 12.Ne5 Bd5 13.Nf4 Bxg2+ 14.Kxg2 Bd6 15.Nfd3 Qc7
16.Qf3 f6 17.Nc4 g6 18.Rac1 Re8 19.h4 h5 20.b4 Re4 21.b5 c5 22.Nxd6 Qxd6
23.Nf4 Kf7 24.dxc5 bxc5 25.Rhd1 Qf8 26.Rd5 a5 27.Rcxc5 Ra7 28.Nxg6 Qh6 29.Nf4 Nd7
30.b6 Nxb6 31.Rxf5 Ra4 32.Nxh5 Nd7 33.Qd5+ Ke7 34.Rc6 Qf8 35.Nxf6 Qg7 36.Qe6+  1-0

[Event "HZ Open"]
[Site "Vlissingen NED"]
[Date "2009.08.05"]
[Round "6"]
[White "In 't Veld,R"]
[Black "Ducarmon,Q"]
[Result "1-0"]
[WhiteElo "2099"]
[BlackElo "2201"]

1.d4 Nf6 2.Bg5 g6 3.Nc3 Bg7 4.e4 d6 5.Qd2 O-O 6.f3 c6 7.Bh6 e5 8.dxe5 dxe5
9.Bd3 Nxe4 10.Nxe4 Qh4+ 11.g3 Qxh6 12.Qxh6 Bxh6 13.h4 Kg7 14.g4 f5 15.g5 fxe4
16.Bxe4 Bf5 17.Nh3 Bxh3 18.Rxh3 Nd7 19.Rd1 Nc5 20.Ke2 Nxe4 21.fxe4 Rad8 22.Rhd3 Rxd3
23.Rxd3 Rf7 24.Rd8 Re7 25.a4 Bxg5 26.hxg5 h6 27.gxh6+ Kxh6 28.a5 a6 29.b4 Kg5
30.Ke3 Kg4 31.Rf8 Kh4 32.Kf3 Kg5 33.Ke3 Rd7 34.c3 Kh4 35.Re8 g5 36.Rxe5 g4
37.Re8 Kh3 38.e5 Kg2 39.e6 Rg7 40.e7 g3 41.Kd4 Kg1 42.Kc5 g2 43.Kd6 Rh7 44.Rg8 Rxe7
45.Kxe7 Kf2 46.Kd7  1-0

[Event "Arctic Chess Challenge"]
[Site "Tromso NOR"]
[Date "2009.08.07"]
[Round "7"]
[White "DeMac,E"]
[Black "Engstrom,K"]
[Result "1/2-1/2"]
[WhiteElo "2089"]
[BlackElo "2274"]

1.d4 Nf6 2.Bg5 d5 3.Bxf6 exf6 4.e3 Bd6 5.g3 c6 6.Nd2 h5 7.Bd3 h4 8.g4 h3
9.Qf3 Rh4 10.Bf5 Nd7 11.Nxh3 g6 12.Bd3 Nb6 13.Rg1 Bxh2 14.Rg2 Bd6 15.O-O-O Qe7
16.e4 Be6 17.Nf4 O-O-O 18.Nxe6 Qxe6 19.exd5 Nxd5 20.Bc4 Bf8 21.Kb1 Qe7 22.c3 Bh6
23.Bxd5 Rxd5 24.Rgg1 f5 25.Rge1 Qd8 26.gxf5 Rxf5 27.Qe2 Bxd2 28.Rxd2 Rh2
29.Qe3 Qd6 30.Rde2 Rh8 31.d5 Rxd5 32.Qxa7 Rd1+ 33.Kc2 Qd3+ 34.Kb3 Rxe1 35.Rxe1 Qd5+
36.Ka3 Qd6+ 37.b4 Rd8 38.Qe3 Kb8 39.Qe7 Qd2 40.Qe3 Qd7 41.Qf4+ Kc8 42.Re3 f5
43.Qg5 Qd6 44.Qe7 Qd1 45.Qe6+ Kb8 46.Qe5+ Kc8 47.Qe6+ Kb8 48.Qe5+ Kc8  1/2-1/2

[Event "University of Twente YM"]
[Site "Enschede NED"]
[Date "2009.08.08"]
[Round "9"]
[White "Iotov,V"]
[Black "Gopal,G"]
[Result "1-0"]
[WhiteElo "2603"]
[BlackElo "2575"]

1.d4 Nf6 2.Bg5 d5 3.e3 c6 4.Bd3 Bg4 5.f3 Bh5 6.Ne2 Nbd7 7.O-O Bg6 8.c4 e6
9.Nbc3 Be7 10.cxd5 cxd5 11.Rc1 O-O 12.Nf4 Rc8 13.Nxg6 hxg6 14.Qb3 Qb6 15.Bb5 Nb8
16.Na4 Qa5 17.a3 a6 18.Be2 Rxc1 19.Rxc1 Nbd7 20.Nc3 Qb6 21.Qxb6 Nxb6 22.Nb1 Rc8
23.Rxc8+ Nxc8 24.Nd2 Ne8 25.Bxe7 Nxe7 26.Kf2 Nd6 27.h4 Nc6 28.Nb3 Kf8 29.Bd3 Ke7
30.g4 a5 31.Nc5 e5 32.dxe5 Nxe5 33.Ke2 b6 34.Na4 Nec4 35.b3 Nxa3 36.Nxb6 Ke6
37.Na4 Nab5 38.Nc5+ Ke7 39.Bxb5 Nxb5 40.Kd3 Na7 41.Kd4 Nc6+ 42.Kxd5 Nb4+
43.Kc4 Nc2 44.Kb5 Nxe3 45.Kxa5 Ng2 46.Nd3 Nxh4 47.Ne1 g5 48.b4 Kd6 49.Ka6 Kc7
50.b5 Kb8 51.b6 f5 52.b7 g6 53.Kb6 fxg4 54.Nd3 Nxf3 55.Nb4  1-0

[Event "110th US Open"]
[Site "Indianapolis USA"]
[Date "2009.08.08"]
[Round "8"]
[White "Patchell,E"]
[Black "Fedorowicz,J"]
[Result "1/2-1/2"]
[WhiteElo "2169"]
[BlackElo "2469"]


1.d4 Nf6 2.Bg5 c5 3.d5 Qb6 4.Nc3 h6 5.Bd2 d6 6.e4 a6 7.f4 Qc7 8.a4 g6 9.Be2 e6
10.Nf3 exd5 11.Nxd5 Nxd5 12.exd5 Bg7 13.Bc3 Bxc3+ 14.bxc3 Qe7 15.Qd2 Qf6
16.O-O O-O 17.Rab1 b5 18.axb5 axb5 19.Bxb5 Bf5  1/2-1/2

[Event "24th ICT Acropolis"]
[Site "Chalkida GRE"]
[Date "2009.08.10"]
[Round "1"]
[White "Papaioannou,I"]
[Black "Burtasova,A"]
[Result "1/2-1/2"]
[WhiteElo "2624"]
[BlackElo "2325"]

1.d4 Nf6 2.Bg5 d5 3.e3 c6 4.Nd2 Bg4 5.f3 Bh5 6.Ne2 Nbd7 7.Nf4 Bg6 8.c4 e6
9.Be2 Be7 10.Qb3 Qa5 11.Bxf6 Bxf6 12.Qc3 Qd8 13.cxd5 cxd5 14.Rc1 O-O 15.O-O Rc8
16.Qa3 Qb6 17.Nb3 Bg5 18.Qa5 Qd6 19.Qd2 Nb6 20.Nxg6 hxg6 21.f4 Be7 22.Nc5 Nc4
23.Bxc4 dxc4 24.Rxc4 Qd5 25.Rc2 Bxc5 26.dxc5 Qxd2 27.Rxd2 Rxc5 28.Rd7 Rc2
29.Rf2 Rc1+ 30.Rf1 Rc2 31.Rb1 Rfc8 32.Rxb7  1/2-1/2

[Event "Open"]
[Site "Olomouc CZE"]
[Date "2009.08.12"]
[Round "8"]
[White "Nguyen,P"]
[Black "Strebkovs,A"]
[Result "1/2-1/2"]
[WhiteElo "2368"]
[BlackElo "2371"]

1.d4 Nf6 2.Bg5 d5 3.Bxf6 exf6 4.e3 c6 5.Ne2 Qb6 6.b3 a5 7.Nd2 a4 8.g3 Bf5
9.Bg2 axb3 10.Nxb3 Na6 11.f3 Nb4 12.e4 dxe4 13.fxe4 Be6 14.O-O Rxa2 15.Rxa2 Nxa2
16.Qa1 Qa6 17.d5 Bg4 18.Ned4 c5 19.Nf5 Bxf5 20.exf5 Bd6 21.Re1+ Kd8 22.Bf1 c4
23.Qd4 Be5 24.Qc5 Bd6 25.Qxc4 Qxc4 26.Bxc4 Nc3 27.Kg2 b5 28.Bf1 Re8 29.Rxe8+ Kxe8
30.Kf3 Ke7 31.Nd4 Nxd5 32.Nxb5 Nc3 33.Bc4 Bc5 34.Bb3  1/2-1/2

[Event "Open"]
[Site "Olomouc CZE"]
[Date "2009.08.12"]
[Round "8"]
[White "Bigg,A"]
[Black "Pozin,S"]
[Result "0-1"]
[WhiteElo "2289"]
[BlackElo "2421"]

1.d4 Nf6 2.Bg5 c5 3.d5 Qb6 4.Nc3 Qxb2 5.Bd2 Qb6 6.e4 d6 7.f4 e5 8.f5 Be7
9.Bc4 Qd8 10.Nf3 g6 11.O-O a6 12.a4 gxf5 13.exf5 Bxf5 14.Nxe5 Bg6 15.Nxg6 hxg6
16.Qf3 Nbd7 17.Rae1 Rh5 18.Bf4 Ne5 19.Bxe5 Rxe5 20.Rxe5 dxe5 21.g4 Qd7 22.d6 Qxd6
23.Rd1 Qc6 24.Qh3 Bf8 25.g5 Nh5 26.Nd5 Rd8 27.Qb3 Rd7 28.Re1 Bg7 29.a5 Kf8
30.Qh3 Nf4  0-1

[Event "24th ICT Acropolis"]
[Site "Chalkida GRE"]
[Date "2009.08.14"]
[Round "5"]
[White "Gogolis,A"]
[Black "Bozinakis,P"]
[Result "0-1"]
[WhiteElo "2275"]
[BlackElo "2148"]

1.d4 Nf6 2.Bg5 d5 3.e3 c5 4.c3 Nc6 5.Nd2 e5 6.dxe5 Nxe5 7.Ngf3 Nc6 8.Bb5 h6
9.Bh4 Qb6 10.Bxc6+ bxc6 11.Bxf6 gxf6 12.Qc2 Rg8 13.Nh4 Rg4 14.g3 Be6 15.O-O-O Qa6
16.a3 Ra4 17.Nb1 Rb8 18.Rhe1 Ra5 19.Qe2 Rab5 20.Rd2 c4 21.Rc2 Rb3 22.Rd1 Be7
23.e4 Qb6 24.exd5 cxd5 25.f4 Bc5 26.Re1 d4 27.f5 d3 28.Qh5 dxc2  0-1

[Event "24th ICT Acropolis"]
[Site "Chalkida GRE"]
[Date "2009.08.14"]
[Round "5"]
[White "Stefanova,A"]
[Black "Mamedov,Nid"]
[Result "1/2-1/2"]
[WhiteElo "2535"]
[BlackElo "2614"]

1.d4 Nf6 2.Bg5 d5 3.e3 g6 4.Bxf6 exf6 5.g3 Bd6 6.Bg2 c6 7.Ne2 Nd7 8.b3 f5
9.c4 Nf6 10.Nbc3 Be6 11.Qd3 O-O 12.O-O a6 13.Nf4 Bxf4 14.gxf4 dxc4 15.bxc4 b5
16.cxb5 axb5 17.Bxc6 Bc4 18.Qd2 Bxf1 19.Bxa8 b4 20.Nd5 Ne4 21.Ne7+ Qxe7 22.Bxe4 fxe4
23.Rxf1 Qe6 24.Qxb4 Qg4+ 25.Kh1  1/2-1/2

[Event "24th ICT Acropolis"]
[Site "Chalkida GRE"]
[Date "2009.08.15"]
[Round "6"]
[White "Stavrianakis,I"]
[Black "Nikolaidis,I"]
[Result "0-1"]
[WhiteElo "2240"]
[BlackElo "2529"]

1.d4 Nf6 2.Bg5 d5 3.Nf3 Ne4 4.Bf4 c5 5.e3 cxd4 6.exd4 Nc6 7.c3 f6 8.Nbd2 g5
9.Be3 Nd6 10.c4 Be6 11.cxd5 Bxd5 12.Bd3 e6 13.O-O Bg7 14.Rc1 g4 15.Ne1 f5
16.f3 h5 17.Nc2 Qf6 18.b3 gxf3 19.Nxf3 Bh6 20.Bxh6 Qxh6 21.Qe2 Rg8 22.Bc4 Nxc4
23.bxc4 Be4 24.d5 Ne5 25.Ncd4 Nxf3+ 26.Nxf3 O-O-O 27.Rcd1 exd5 28.cxd5 Bxd5
29.Qe5 Qg6 30.Nh4 Qxg2+ 31.Nxg2 Rxg2+ 32.Kh1 Rd2+ 33.Qxd5 R2xd5 34.Rc1+ Kb8
35.a4 Rc8 36.Rb1 Rc4 37.Rfe1 a5 38.Rb6 Rb4 39.Rh6 f4  0-1

[Event "6th Open"]
[Site "Kalamaria GRE"]
[Date "2009.08.23"]
[Round "2"]
[White "Drazic,S"]
[Black "Kadziolka,B"]
[Result "1-0"]
[WhiteElo "2538"]
[BlackElo "2289"]

1.d4 Nf6 2.Bg5 c5 3.c3 Qb6 4.Qc2 d5 5.dxc5 Qxc5 6.Nd2 e6 7.Ngf3 Nbd7 8.e4 dxe4
9.Nxe4 Nxe4 10.Qxe4 Be7 11.Bxe7 Qxe7 12.O-O-O a6 13.Rd2 Nc5 14.Qd4 O-O 15.Ne5 f6
16.Nd3 Nxd3+ 17.Bxd3 e5 18.Bc4+ Be6 19.Bxe6+ Qxe6 20.Qd5 Qxd5 21.Rxd5 Rae8
22.Rhd1 Re7 23.Kc2 Kf7 24.c4 Rc8 25.Kc3 Ke6 26.b4 Kf5 27.c5 Kf4 28.a4 e4
29.Kc4 g6 30.Rd7 Rc7 31.Rxc7 Rxc7 32.b5 axb5+ 33.axb5 f5 34.b6 Re7 35.c6 bxc6
36.Rb1 Rb7 37.Kc5 e3 38.Rb4+  1-0

[Event "RUS-CHN Match Blitz"]
[Site "Sochi RUS"]
[Date "2009.08.23"]
[Round "1"]
[White "Vitiugov,N"]
[Black "Bu Xiangzhi"]
[Result "1-0"]
[WhiteElo "2681"]
[BlackElo "2702"]

1.d4 Nf6 2.Bg5 c5 3.Bxf6 gxf6 4.d5 Qb6 5.Qc1 Bh6 6.e3 f5 7.c4 d6 8.Nc3 Nd7
9.Qc2 Ne5 10.f4 Ng4 11.Qd2 Bg7 12.Rc1 Bd7 13.Bd3 a6 14.Nge2 Qb4 15.Ng3 h5
16.h3 Nf6 17.Bxf5 Qxc4 18.Bxd7+ Kxd7 19.Nf5 Rhg8 20.b3 Qb4 21.O-O Ne4 22.Nxe4 Qxe4
23.Qc2 Qxc2 24.Rxc2 Bh8 25.Kf2 a5 26.a4 b5 27.Kf3 Rgb8 28.g4 hxg4+ 29.hxg4 bxa4
30.bxa4 Rb4 31.Rh1 Rxa4 32.Rh7 Rf8 33.g5 e6 34.Nh6 exd5 35.g6 Ke6 36.g7 Bxg7
37.Rxg7 Re4 38.Rb2 Kf6 39.Rg5 Rfe8 40.Ng4+ Ke6 41.Rb7 d4 42.Kxe4 d5+ 43.Kd3 Kd6
44.exd4 c4+ 45.Kd2 Re4 46.Rb6+ Kc7 47.Rf6 Rxd4+ 48.Kc2 Re4 49.Re5  1-0

[Event "RUS-CHN Match w Blitz"]
[Site "Sochi RUS"]
[Date "2009.08.23"]
[Round "8"]
[White "Huang Qian"]
[Black "Romanko,M"]
[Result "0-1"]
[WhiteElo "2424"]
[BlackElo "2447"]

1.d4 Nf6 2.Bg5 d5 3.Nf3 e6 4.c3 Be7 5.e3 O-O 6.Nbd2 b6 7.Bd3 c5 8.O-O Bb7
9.Qc2 h6 10.Bf4 Nc6 11.h3 Rc8 12.Qb1 cxd4 13.exd4 a6 14.a4 Na5 15.Re1 Nc4
16.Ne5 b5 17.Ndf3 Ne4 18.Qc2 Re8 19.Rac1 f6 20.Nxc4 bxc4 21.Bxe4 dxe4 22.Nd2 f5
23.b4 cxb3 24.Qxb3 Bd5 25.c4 Bc6 26.Be5 Bd6 27.Nf1 Bxe5 28.dxe5 f4 29.Red1 Qg5
30.Nh2 Qxe5 31.Qb6 Bxa4 32.Re1 Bc6 33.Qxa6 Rf8 34.Qb6 e3 35.fxe3 f3 36.Rc2 f2+
37.Rxf2 Rxf2 38.Kxf2 Qxh2 39.e4 Rf8+ 40.Ke3 Qg3+ 41.Kd2 Qf4+ 42.Kc3 Bxe4
43.Qxe6+ Kh8 44.Qxe4 Qf6+ 45.Qe5 Qa6 46.Qc5 Rb8 47.Rf1 Qa8 48.Qd6 Rd8 49.Qe7 Re8
50.Qd7 Rd8 51.Qe7 Re8 52.Qd7 Re3+ 53.Kd4 Qe4+ 54.Kc5 Qe5+ 55.Qd5 Qc7+ 56.Kd4 Re8
57.Rf7 Qb6+ 58.Kc3 Qe3+ 59.Kc2 Rb8 60.Rb7 Rf8 61.Rf7 Rb8 62.Rb7 Qe2+ 63.Kc3 Qe1+
64.Kc2 Ra8 65.Rb2 Rf8 66.Kb3 Qe3+ 67.Ka2 Qa7+ 68.Kb1 Rf1+ 69.Kc2 Rf2+ 70.Kc3 Qe3+  0-1

[Event "Champions Simul"]
[Site "Zuerich SUI"]
[Date "2009.08.23"]
[Round "1"]
[White "Topalov,V"]
[Black "Mohajerin,P"]
[Result "0-1"]
[WhiteElo "2813"]
[BlackElo "2353"]

1.d4 Nf6 2.Bg5 d5 3.e3 c5 4.dxc5 e6 5.b4 a5 6.c3 b6 7.Bb5+ Bd7 8.Bxd7+ Qxd7
9.cxb6 axb4 10.Bxf6 gxf6 11.Ne2 Qb5 12.O-O Nd7 13.Nd2 bxc3 14.Nxc3 Qxb6 15.a4 Bg7
16.Nb5 f5 17.Rb1 O-O 18.e4 fxe4 19.Nxe4 dxe4 20.Qxd7 e3 21.fxe3 Qxe3+ 22.Kh1 Rxa4
23.Nd6 Rf4 24.Rfe1 Rb4 25.Rbc1 Qd2 26.Rcd1 Qh6 27.h3 Qg6 28.Nc8 Kh8 29.Ne7 Qg5
30.Nc6 Rb2 31.Rg1 Qf4 32.Qe7 Rd2 33.Rxd2 Qxd2 34.Ne5 Qf4 35.Nf3 Kg8 36.Rd1 h6
37.Rd3 Rc8 38.Rd8+ Rxd8 39.Qxd8+ Kh7 40.Qd3+ f5 41.Qd7 e5 42.Qf7 Kh8 43.Qe8+ Kh7
44.Qf7 Qc1+ 45.Kh2 Qf4+ 46.Kh1 Qe4 47.h4 Qg4 48.h5 e4 49.Ne5 Qh4+ 50.Kg1 Qf6
51.Qg6+ Qxg6 52.Nxg6 Bd4+ 53.Kf1 Kg7 54.Nf4 Kf6 55.g3 Be5 56.Ne2 Kg5  0-1

[Event "5th Geller Mem Open A"]
[Site "Odessa UKR"]
[Date "2009.08.25"]
[Round "6"]
[White "Truskavetsky,A"]
[Black "Bogdanovich,S"]
[Result "1/2-1/2"]
[WhiteElo "2385"]
[BlackElo "2386"]

1.d4 d5 2.Bg5 Nf6 3.Bxf6 exf6 4.e3 Bd6 5.g3 O-O 6.Bg2 c6 7.Ne2 Nd7 8.Nd2 f5
9.c4 dxc4 10.Nxc4 Bb4+ 11.Nc3 Nb6 12.Nxb6 Qxb6 13.O-O Be6 14.Qc2 g6 15.Na4 Qb5
16.a3 Be7 17.b4 a5 18.Nc5 axb4 19.Nxe6 fxe6 20.axb4 Kf7 21.Rfb1 Rxa1 22.Rxa1 Rb8
23.Rb1 Bxb4 24.e4 c5 25.d5 exd5 26.exd5 Qd7 27.d6 Qxd6 28.Rd1 Qe5 29.Qc4+ Kf8
30.Rd7 Qa1+ 31.Bf1 Qf6 32.Qd5 Re8 33.Rxh7 Qe6 34.Qxb7 Bc3 35.h4 Re7 36.Qb8+ Re8
37.Qf4 Re7 38.Qb8+ Re8 39.Qf4 Re7 40.Qh6+ Bg7 41.Rh8+ Kf7 42.Qh7 Re8 43.Rxe8 Qxe8
44.h5 gxh5 45.Qxf5+ Ke7 46.Qg5+ Kf8 47.Qxc5+ Kg8 48.Bc4+ Kh8 49.Qf5 h4 50.Bd3 Kg8
51.Qh7+ Kf8 52.Qxh4 Qe5 53.Qc4 Qd4 54.Qc8+ Ke7 55.Qf5 Qe5 56.Qh7 Kd6 57.Kg2 Qb2
58.Kh3 Bd4 59.f4 Qf2 60.Qg6+ Kc5 61.Qe6 Be3 62.Qe5+ Kb4 63.f5 Bd4 64.Qd5 Kc3
65.Bb5 Qe3 66.Kg4 Be5 67.Qc6+ Kb2 68.Qf3 Qd4+ 69.Kh3 Qd6 70.Bc4 Qh6+ 71.Kg2 Qg7
72.Qb3+ Kc1 73.Qe3+ Kc2 74.Bd5 Bd4 75.Be4+ Kb2 76.Qd3 Bc3 77.Qb5+ Ka3 78.Bc2 Qf7
79.Kf3 Qh5+ 80.Kg2 Qf7 81.g4 Qg8 82.Kf3 Qa8+ 83.Kg3 Be1+ 84.Kh2 Qg8 85.Qe2 Qh7+
86.Kg2 Qb7+ 87.Qe4 Qxe4+ 88.Bxe4 Bd2 89.Kf3 Kb4 90.Bd5 Kc5 91.Ke4 Bc3 92.Be6 Kd6
93.g5 Bd2 94.g6 Bc3 95.Kf4 Ke7 96.Kg5 Bd2+  1/2-1/2

[Event "Open"]
[Site "Bratto ITA"]
[Date "2009.08.28"]
[Round "8"]
[White "Damia,A"]
[Black "Vocaturo,D"]
[Result "0-1"]
[WhiteElo "2291"]
[BlackElo "2507"]

1.d4 Nf6 2.Bg5 c5 3.Nc3 cxd4 4.Qxd4 Nc6 5.Qh4 e6 6.Bxf6 Qxf6 7.Qxf6 gxf6
8.O-O-O Ke7 9.Nf3 f5 10.e4 fxe4 11.Nxe4 d5 12.Ng3 h5 13.h4 Bh6+ 14.Kb1 Bf4
15.Ne2 Bc7 16.c4 dxc4 17.Ned4 Na5 18.Bxc4 Nxc4 19.Rc1 Na3+ 20.bxa3 Bb6 21.Rhe1 Rd8
22.Nf5+ Kf8 23.Ne3 Bd7 24.Nc4 Bc5 25.Re5 Rac8 26.Rxh5 Bc6 27.Rh8+ Kg7 28.Rxd8 Rxd8
29.Nce5 Be4+ 30.Kb2 b6 31.Rc4 f5 32.Ng5 Bd5 33.Rxc5 bxc5 34.f4 Rb8+ 35.Kc2 Bxa2
36.Nef7 Rf8 37.Ne5 Bd5 38.g3 a5 39.Kc1 a4 40.Kc2 Rb8 41.Nef7 Rb7 42.Ne5 Kh6  0-1

[Event "TCh-SRB 1st League"]
[Site "Kragujevac SRB"]
[Date "2009.09.02"]
[Round "2"]
[White "Miladinovic,I"]
[Black "Dragojlovic,A"]
[Result "1-0"]
[WhiteElo "2547"]
[BlackElo "2402"]

1.d4 Nf6 2.Bg5 c5 3.Nc3 cxd4 4.Qxd4 Nc6 5.Qh4 e6 6.e4 Be7 7.O-O-O Qa5 8.f4 d6
9.Nf3 a6 10.Qe1 h6 11.Bh4 g5 12.fxg5 hxg5 13.Bxg5 Bd7 14.Kb1 Rc8 15.Qd2 Rc7
16.Bd3 Nb4 17.a3 Nxd3 18.cxd3 b6 19.Rhf1 Rg8 20.h4 Bc8 21.Rc1 Bb7 22.Ka2  1-0

[Event "6th LGA Premium Cup"]
[Site "Nuernberg GER"]
[Date "2009.09.03"]
[Round "1"]
[White "Suess,H"]
[Black "Khanukov,B"]
[Result "0-1"]
[WhiteElo "2009"]
[BlackElo "2379"]

1.d4 Nf6 2.Bg5 c5 3.Bxf6 gxf6 4.d5 Qb6 5.Qc1 d6 6.c4 f5 7.e3 Bg7 8.Nc3 Nd7
9.Nf3 Ne5 10.Nxe5 Bxe5 11.f4 Bf6 12.Be2 Rg8 13.g3 Bd7 14.Kf2 O-O-O 15.Qc2 e6
16.Qb3 Qa5 17.Rac1 a6 18.a3 Kb8 19.dxe6 fxe6 20.Bf3 Qc7 21.Rhd1 Bc6 22.Bxc6 Qxc6
23.Qa4 Qxa4 24.Nxa4 Kc7 25.Nc3 Kc6 26.b4 b6 27.b5+ axb5 28.cxb5+ Kc7 29.Rd3 Ra8
30.Kf3 d5 31.Rc2 Kd6 32.Ne2 Ra5  0-1

[Event "6th LGA Premium Cup"]
[Site "Nuernberg GER"]
[Date "2009.09.03"]
[Round "1"]
[White "Haubold,M"]
[Black "Zaragatski,I"]
[Result "0-1"]
[WhiteElo "2065"]
[BlackElo "2472"]

1.d4 Nf6 2.Bg5 c5 3.d5 Ne4 4.Bf4 Qb6 5.Nd2 Qxb2 6.Nxe4 Qb4+ 7.Qd2 Qxe4 8.Nf3 d6
9.e3 Qb4 10.c3 Qa5 11.Be2 Nd7 12.O-O g6 13.e4 Bg7 14.Rac1 O-O 15.Rfe1 Ne5
16.Nxe5 Bxe5 17.Bh6 Rd8 18.f4 Bg7 19.Bxg7 Kxg7 20.f5 f6 21.Rf1 Bd7 22.Rf3 Rg8
23.Rg3 Be8 24.Rh3 g5 25.Rg3 h6 26.h4 Kf8 27.Rf1 c4 28.Kh2 b5 29.Qd1 Qxa2
30.Bh5 Qa6 31.Bxe8 Kxe8 32.Qh5+ Kd7 33.Qf7 Rgf8 34.Qe6+ Kd8 35.hxg5 hxg5
36.e5 Qc8 37.exd6 Qxe6 38.fxe6 exd6 39.Rxg5 Rh8+  0-1

[Event "6th LGA Premium Cup"]
[Site "Nuernberg GER"]
[Date "2009.09.04"]
[Round "2"]
[White "Stiller,J"]
[Black "Lechtynsky,J"]
[Result "0-1"]
[WhiteElo "2202"]
[BlackElo "2399"]

1.d4 Nf6 2.Bg5 c5 3.Bxf6 exf6 4.dxc5 Bxc5 5.e3 d5 6.Nf3 Nc6 7.c3 O-O 8.Be2 Be6
9.O-O Qd6 10.Nbd2 Rad8 11.Nb3 Bb6 12.Nbd4 Ne5 13.Qc2 g6 14.Rad1 Kg7 15.Rd2 Ng4
16.Rfd1 f5 17.c4 Bd7 18.Qc3 Kg8 19.Nb3 Qe7 20.cxd5 f4 21.d6 Qe8 22.Nbd4 fxe3
23.fxe3 Rc8 24.Qd3 Qxe3+ 25.Qxe3 Nxe3 26.Ra1 Nc2 27.Rad1 Nxd4 28.Nxd4 Rc6
29.Kf1 Rxd6 30.Bf3 Rd8 31.Ne2 Rxd2 32.Rxd2 Bc8 33.Rxd8+ Bxd8 34.Nd4 a6 35.Ke2 Kf8
36.Kd3 Ke7 37.b4 Kd6 38.a3 h5 39.Be4 f5 40.Bf3 h4 41.a4 b6 42.Nb3 Bd7 43.a5 Bb5+
44.Kc3 Bf6+ 45.Kc2 bxa5 46.Nxa5 Ke5 47.Nb7 Be7 48.Kc3 g5 49.Na5 Kf4 50.Bb7 Ke3
51.Nc4+ Kf2 52.Kb3 g4 53.Bc8 Kxg2 54.Bxf5 g3 55.hxg3 hxg3 56.Nd2 Kf2 57.Ne4+ Kf3
58.Nxg3 Kxg3 59.Be4 Kf4 60.Bb7 Ke5 61.Bc8 Kd6 62.Bg4 Kc6 63.Bf3+ Kb6 64.Bg4 Bh4
65.Bf3 Be1 66.Bg4 Bd3 67.Bh5 Bd2 68.Bg4 Bg6 69.Be2 Bf7+ 70.Ka4 Be6 71.Bf3 Bf7
72.Be2 Be8+ 73.Kb3 Bb5 74.Bf3 Kc7 75.Bg4 Kd6 76.Bh5 Kd5 77.Bg4 Kd4 78.Bf3 Kd3
79.Bg4 Bg5 80.Bf5+ Kd4 81.Bg4 Bc4+ 82.Ka4 Kc3 83.Bd7 Bd8 84.Bc8 Bb3+ 85.Ka3 Be7
86.Bxa6  0-1

[Event "6th LGA Premium Cup"]
[Site "Nuernberg GER"]
[Date "2009.09.05"]
[Round "4"]
[White "Mihok,L"]
[Black "Lechtynsky,J"]
[Result "1-0"]
[WhiteElo "2186"]
[BlackElo "2399"]

1.d4 Nf6 2.Bg5 c5 3.Bxf6 gxf6 4.d5 d6 5.c4 f5 6.Nc3 Bg7 7.Qc2 e6 8.e3 O-O
9.Bd3 Nd7 10.g4 fxg4 11.Bxh7+ Kh8 12.Bd3 Ne5 13.O-O-O f5 14.Nge2 b5 15.dxe6 bxc4
16.Bxf5 Qg5 17.Ng3 Nd3+ 18.Rxd3 cxd3 19.Qxd3 Bb7 20.Nce4 Bxe4 21.Qxe4 d5
22.Qc2 Rfb8 23.h3 Rxb2 24.hxg4+ Kg8 25.Bh7+ Kf8 26.Qxc5+ Qe7 27.Qxe7+ Kxe7
28.Nf5+ Kd8 29.Nxg7 Rxf2 30.Bf5 Ke7 31.Rh7 Kd6 32.Nh5 Rc8+ 33.Kd1 Rxa2 34.Rd7+ Ke5
35.e7 Ra1+ 36.Ke2 Rb8 37.Nf4 Rb2+ 38.Kf3 Rf1+ 39.Kg3  1-0

[Event "6th LGA Premium Cup"]
[Site "Nuernberg GER"]
[Date "2009.09.05"]
[Round "5"]
[White "Haubold,M"]
[Black "Sobolevsky,L"]
[Result "0-1"]
[WhiteElo "2065"]
[BlackElo "2289"]

1.d4 Nf6 2.Bg5 d5 3.Bxf6 gxf6 4.c4 c6 5.e3 e5 6.cxd5 cxd5 7.Nc3 Be6 8.Qb3 Nd7
9.O-O-O Bg7 10.h4 O-O 11.h5 h6 12.Nge2 f5 13.f4 exd4 14.Nxd4 Nc5 15.Qc2 Rc8
16.Bd3 Qa5 17.Kb1 Ne4 18.Bxe4 dxe4 19.g4 Bxa2+ 20.Kc1 fxg4 21.Qxe4 f5 22.Qd3 Bd5
23.Nxf5 Rxc3+ 24.bxc3 Qa3+ 25.Kd2 Qb2+ 26.Ke1 Bxc3+ 27.Rd2 Qxd2+  0-1

[Event "6th LGA Premium Cup"]
[Site "Nuernberg GER"]
[Date "2009.09.06"]
[Round "6"]
[White "Iotov,V"]
[Black "Lobzhanidze,D"]
[Result "1-0"]
[WhiteElo "2603"]
[BlackElo "2502"]

1.d4 Nf6 2.Bg5 d5 3.e3 c6 4.Bd3 Bg4 5.f3 Bh5 6.Ne2 e6 7.O-O Be7 8.Nf4 Bg6
9.Nxg6 hxg6 10.Nd2 Ng8 11.Bxe7 Nxe7 12.f4 Nf5 13.Qf3 Qh4 14.h3 Qg3 15.Rae1 Qxf3
16.Rxf3 Nd7 17.c3 Nd6 18.e4 dxe4 19.Nxe4 Nxe4 20.Bxe4 O-O-O 21.b4 Kc7 22.Bd3 Nf6
23.Bf1 b6 24.g4 c5 25.dxc5 bxc5 26.bxc5 Nd7 27.f5 Nxc5 28.fxe6 fxe6 29.Re5 Kd6
30.Rg5 Rhf8 31.Rxf8 Rxf8 32.Rxg6 Rf7 33.h4 Nd7 34.Bc4 Re7 35.Rg5 Ne5 36.Be2 Rf7
37.Kg2 Kd5 38.Kg3 Ke4 39.h5 a5 40.Bd1 Rc7 41.Bc2+ Kd5 42.Bb3+ Ke4 43.Bc2+ Kd5
44.Kf2 a4 45.Ke2 a3 46.Bb3+ Kd6 47.c4 Nxc4 48.Bxc4 Rxc4 49.Rxg7 Rc2+ 50.Kf3 Rxa2
51.Ra7 Ra1 52.Kf4 e5+ 53.Kg5 e4 54.h6 e3 55.h7 Rh1 56.Rxa3 e2 57.Re3 Rxh7
58.Rxe2 Rh8 59.Kf6 Rf8+ 60.Kg7  1-0

[Event "31st Southern California Open"]
[Site "San Diego USA"]
[Date "2009.09.06"]
[Round "3"]
[White "Porter,Ry"]
[Black "Kraai,J"]
[Result "0-1"]
[WhiteElo "2279"]
[BlackElo "2498"]

1.d4 Nf6 2.Bg5 d5 3.Bxf6 exf6 4.e3 Bd6 5.g3 c6 6.Bg2 Nd7 7.Ne2 h5 8.h4 Nb6
9.Nd2 Bg4 10.Rc1 O-O 11.a3 Na4 12.Rb1 b5 13.f3 Bf5 14.Nf4 Re8 15.Kf2 Qb6
16.Nf1 g6 17.g4 hxg4 18.fxg4 Be4 19.Bxe4 dxe4 20.Ng2 c5 21.c3 cxd4 22.cxd4 Rac8
23.g5 Qc7 24.Ne1 Qe7 25.h5 fxg5 26.Nh2 Kg7 27.Ng4 Rh8 28.h6+ Kh7 29.Qb3 a6
30.Qd5 f5  0-1

[Event "FSIMA September"]
[Site "Budapest HUN"]
[Date "2009.09.07"]
[Round "3"]
[White "Turzo,A"]
[Black "Dencsi,T"]
[Result "1-0"]
[WhiteElo "2314"]
[BlackElo "2338"]

1.d4 Nf6 2.Bg5 d5 3.Bxf6 exf6 4.e3 Bd6 5.g3 O-O 6.Bg2 c6 7.Ne2 Nd7 8.Nd2 f5
9.c4 dxc4 10.Nxc4 Bc7 11.O-O Nf6 12.Nc3 Be6 13.Qd3 Nd5 14.Rfc1 Nxc3 15.bxc3 h5
16.Nd2 h4 17.c4 Bd6 18.Rab1 Rb8 19.Rc2 Re8 20.c5 Be7 21.Rcb2 Qc7 22.Qa3 b6
23.Qa6 bxc5 24.Rb7 Rxb7 25.Rxb7 Qd6 26.Qxc6 Qxc6 27.Bxc6 Rc8 28.d5 Kf8 29.dxe6  1-0

[Event "31st Southern California Open"]
[Site "San Diego USA"]
[Date "2009.09.07"]
[Round "5"]
[White "Kretchetov,A"]
[Black "Kraai,J"]
[Result "1/2-1/2"]
[WhiteElo "2365"]
[BlackElo "2498"]

1.d4 Nf6 2.Bg5 d5 3.Bxf6 exf6 4.e3 Bd6 5.Bd3 Nd7 6.Qf3 Nb6 7.Nd2 Be6 8.Ne2 Qd7
9.h3 O-O 10.c3 c5 11.dxc5 Bxc5 12.Nb3 Bd6 13.Nbd4 Rad8 14.Nf4 g6 15.Nh5 gxh5
16.Qxh5 Rfe8 17.Qh6 Qc7 18.Bxh7+ Kh8 19.Bg6+ Kg8 20.Bh7+ Kh8  1/2-1/2

[Event "XIX EYCC Boys U18"]
[Site "Fermo ITA"]
[Date "2009.09.08"]
[Round "8"]
[White "Rasulov,Vu"]
[Black "Yilmazyerli,M"]
[Result "1-0"]
[WhiteElo "2482"]
[BlackElo "2255"]

1.d4 Nf6 2.Bg5 g6 3.Bxf6 exf6 4.e3 Bg7 5.c4 O-O 6.Nc3 f5 7.g3 Re8 8.Nge2 d6
9.Bg2 Nd7 10.O-O Nf6 11.Qc2 c6 12.b4 h5 13.Rfd1 Bd7 14.Rab1 h4 15.d5 hxg3
16.hxg3 Ng4 17.c5 Qg5 18.cxd6 Rac8 19.Qd2 Qh5 20.Nd4 cxd5 21.b5 Rxe3 22.Nxd5 Bh6
23.fxe3 Qh2+ 24.Kf1 Qxg3 25.Nf3 Be6 26.Qe1  1-0

[Event "2nd WTeam w"]
[Site "Ningbo CHN"]
[Date "2009.09.08"]
[Round "6"]
[White "Huang Qian"]
[Black "Melekhina,A"]
[Result "0-1"]
[WhiteElo "2424"]
[BlackElo "2220"]

1.d4 Nf6 2.Bg5 g6 3.Bxf6 exf6 4.e3 f5 5.Ne2 Bg7 6.g3 d6 7.Bg2 O-O 8.O-O Nd7
9.c4 Nf6 10.Nbc3 h5 11.h4 Ng4 12.Nf4 g5 13.hxg5 Qxg5 14.Qf3 c6 15.Rfe1 Re8
16.Rad1 h4 17.Nce2 Bf6 18.Nh3 Qg7 19.Qf4 Re6 20.Nc3 hxg3 21.fxg3 Bd7 22.Rd3 Rae8
23.Nd1 Bc8 24.Re2 c5 25.Bd5 R6e7 26.dxc5 dxc5 27.Qf3 Ne5  0-1

[Event "ch-PAR"]
[Site "Asuncion PAR"]
[Date "2009.09.09"]
[Round "4"]
[White "Latorre,Mat"]
[Black "Morales,E"]
[Result "1-0"]
[WhiteElo "2032"]
[BlackElo "1941"]

1.d4 Nf6 2.Bg5 g6 3.Bxf6 exf6 4.e3 d5 5.Ne2 Bd6 6.g3 Bf5 7.Nd2 g5 8.Bg2 c6
9.b3 Na6 10.a3 Qe7 11.Qc1 h5 12.h4 Rc8 13.c4 dxc4 14.bxc4 O-O 15.hxg5 fxg5
16.Rxh5 Bg6 17.Rh2 c5 18.d5 Nc7 19.Nf1 b5 20.f4 f6 21.Kf2 Bd3 22.Nd2 Bxe2
23.Kxe2 gxf4 24.gxf4 Bxf4 25.Rh3 Rce8 26.Qh1 Qg7 27.Rg1 Re5 28.Be4 Rg5 29.Rh7 Rxg1
30.Rxg7+ Rxg7 31.exf4 f5 32.Bf3 Rf6 33.Kf2 Rh7 34.Qa1 Rh2+ 35.Ke3 Rf8  1-0

[Event "TCh-SRB 1st League"]
[Site "Kragujevac SRB"]
[Date "2009.09.11"]
[Round "10"]
[White "Miladinovic,I"]
[Black "Milanovic,Da"]
[Result "1-0"]
[WhiteElo "2547"]
[BlackElo "2533"]

1.d4 Nf6 2.Bg5 c5 3.Bxf6 gxf6 4.c3 Qb6 5.Qd2 d5 6.e3 Nc6 7.Ne2 e5 8.Ng3 Be6
9.Be2 cxd4 10.exd4 exd4 11.O-O O-O-O 12.a4 h5 13.a5 Nxa5 14.Qc2 Nb3 15.Ra4 h4
16.Nf5 h3 17.g3 d3 18.Bxd3 Nc5 19.Rf4 d4 20.Nxd4 Bd6 21.Nxe6 fxe6 22.Rc4 Kb8
23.Be4 f5 24.Bf3 Nd7 25.Qe2 e5 26.Qc2 e4 27.Be2 Nf6 28.Nd2 Rhe8 29.Rd4 Bc5
30.Nc4 Qc7 31.Rxd8+ Rxd8 32.b4 Be7 33.Rd1 Rg8 34.Ne3 f4 35.Nf1 Bxb4 36.Qb3 Bc5
37.Qe6 fxg3 38.hxg3 Rxg3+ 39.Kh1 Rg6 40.Qf5 Rh6 41.Qg5 Bf8 42.Ne3 Qc5 43.Qf4+ Kc8
44.Bg4+ Nxg4 45.Qxg4+ Kc7 46.Qd7+  1-0